000 01103cam a22002411 4500
001 e 21000468
003 DLC
005 20260227111212.0
008 840109s1921 nyuagf 000 0 eng c
010 _ae 21000468
035 _a(OCoLC)10279398
040 _aLibrary, U.S. Office of Education
_cScU
_dDLC
042 _apremarc
050 0 0 _aGV224.A1
_bN7 1921a
110 1 _aNew York (State).
_bMilitary Training Commission.
245 0 0 _aGeneral plan and syllabus for physical training in the elementary and secondary schools of the state of New York.
_bAs adopted by the Board of regents of the University of the State of New York upon the report and recommendation of the Military training commission of the state of New York.
250 _a[2d ed.]
260 _aAlbany
_bThe University of the state of New York,
_c1921.
300 _a4 v.
_bfronts., illus. (music) plates.
_c23 cm.
490 0 _aUniversity of the state of New York bulletin
_vnos. 721-724, Nov. l, 1920-Dec. 15, 1920
650 0 _aPhysical education and training
_zNew York (State)
610 2 0 _aState University of New York.
999 _c20463
_d20463